[Event "Glorney Gilbert International 2015 - Gilbert"]
[Site "Johnstown House, Enfield, Co. Meath, Ireland"]
[Date "2015.07.21"]
[Round "3.1"]
[White "IRL Mirza, Diana"]
[Black "ENG Shephard, Katherine"]
[Result "0-1"]
[BlackElo "1864"]
[WhiteElo "1735"]
[LiveChessVersion "1.4.6"]

1. e4 {[%clk 1:30:57]} e6 {[%clk 1:30:31]} 2. d3 {[%clk 1:31:22]} c5
{[%clk 1:30:04]} 3. Nd2 {[%clk 1:31:41]} d5 {[%clk 1:29:25]} 4. Ngf3
{[%clk 1:32:05]} Bd6 {[%clk 1:28:08]} 5. g3 {[%clk 1:32:10]} Nc6 {[%clk 1:25:53]}
6. Bg2 {[%clk 1:32:31]} Nge7 {[%clk 1:25:36]} 7. O-O {[%clk 1:32:41]} O-O
{[%clk 1:23:07]} 8. Re1 {[%clk 1:32:30]} Bc7 {[%clk 1:22:46]} 9. c3
{[%clk 1:30:50]} e5 {[%clk 0:49:18]} 10. exd5 {[%clk 1:27:46]} Nxd5
{[%clk 0:48:48]} 11. Nc4 {[%clk 1:22:59]} Re8 {[%clk 0:41:56]} 12. Ng5
{[%clk 1:19:25]} Nf6 {[%clk 0:34:06]} 13. Be3 {[%clk 1:05:23]} Bf5
{[%clk 0:27:00]} 14. Ne4 {[%clk 1:02:26]} Nxe4 {[%clk 0:24:56]} 15. dxe4
{[%clk 0:56:02]} Be6 {[%clk 0:24:22]} 16. Bf1 {[%clk 0:54:09]} Qe7
{[%clk 0:22:52]} 17. Qe2 {[%clk 0:51:37]} Rad8 {[%clk 0:17:50]} 18. Rad1
{[%clk 0:49:45]} a6 {[%clk 0:14:37]} 19. a4 {[%clk 0:46:47]} Na5 {[%clk 0:13:13]}
20. Nxa5 {[%clk 0:44:15]} Bxa5 {[%clk 0:13:13]} 21. Qc2 {[%clk 0:39:35]} c4
{[%clk 0:12:20]} 22. f4 {[%clk 0:35:04]} f6 {[%clk 0:11:42]} 23. f5
{[%clk 0:32:53]} Bf7 {[%clk 0:12:04]} 24. Qe2 {[%clk 0:29:55]} Qc7
{[%clk 0:09:50]} 25. Kh1 {[%clk 0:29:17]} Bb6 {[%clk 0:06:54]} 26. Bxb6
{[%clk 0:24:49]} Qxb6 {[%clk 0:07:15]} 27. Rxd8 {[%clk 0:23:43]} Rxd8
{[%clk 0:06:59]} 28. Rd1 {[%clk 0:23:53]} Kf8 {[%clk 0:04:41]} 29. Rxd8+
{[%clk 0:22:41]} Qxd8 {[%clk 0:05:09]} 30. Qe3 {[%clk 0:21:07]} Qc7
{[%clk 0:04:06]} 31. Be2 {[%clk 0:20:46]} Ke7 {[%clk 0:03:49]} 32. Qd2
{[%clk 0:16:38]} Qc5 {[%clk 0:03:06]} 33. Kg2 {[%clk 0:16:53]} Be8
{[%clk 0:02:49]} 34. Bd1 {[%clk 0:14:39]} Bc6 {[%clk 0:02:12]} 35. Kf3
{[%clk 0:11:29]} Qg1 {[%clk 0:02:15]} 36. Bc2 {[%clk 0:10:18]} Qh1+
{[%clk 0:01:49]} 37. Qg2 {[%clk 0:10:47]} Qxg2+ {[%clk 0:01:24]} 38. Kxg2
{[%clk 0:11:15]} Kd6 {[%clk 0:01:42]} 39. Kf3 {[%clk 0:10:50]} Kc5
{[%clk 0:02:07]} 40. h4 {[%clk 0:10:43]} Kb6 {[%clk 0:01:54]} 41. g4
{[%clk 0:09:06]} Ka5 {[%clk 0:01:53]} 42. g5 {[%clk 0:09:20]} Bxa4
{[%clk 0:02:09]} 43. Bxa4 {[%clk 0:09:49]} Kxa4 {[%clk 0:02:19]} 44. Kg4
{[%clk 0:06:34]} Kb3 {[%clk 0:02:32]} 45. Kh5 {[%clk 0:05:18]} Kxb2
{[%clk 0:02:43]} 46. gxf6 {[%clk 0:05:44]} gxf6 {[%clk 0:03:06]} 47. Kh6
{[%clk 0:06:12]} Kxc3 {[%clk 0:02:00]} 48. Kxh7 {[%clk 0:06:04]} Kd4
{[%clk 0:01:43]} 49. h5 {[%clk 0:05:56]} c3 {[%clk 0:01:59]} 50. h6
{[%clk 0:05:51]} c2 {[%clk 0:02:14]} 51. Kg8 {[%clk 0:06:16]} c1=Q
{[%clk 0:02:35]} 52. h7 {[%clk 0:06:39]} Qh1 {[%clk 0:02:40]} 0-1

[Event "Glorney Gilbert International 2015 - Gilbert"]
[Site "Johnstown House, Enfield, Co. Meath, Ireland"]
[Date "2015.07.21"]
[Round "3.2"]
[White "ENG Green, Emily"]
[Black "IRL O'Gorman, Alice"]
[Result "1/2-1/2"]
[BlackElo "1720"]
[WhiteElo "1629"]
[LiveChessVersion "1.4.6"]

1. e4 {[%clk 1:30:57]} e5 {[%clk 1:30:52]} 2. Nf3 {[%clk 1:31:23]} Nf6
{[%clk 1:31:18]} 3. Nc3 {[%clk 1:31:48]} Nc6 {[%clk 1:31:43]} 4. d4
{[%clk 1:32:11]} exd4 {[%clk 1:31:44]} 5. Nxd4 {[%clk 1:32:34]} Bb4
{[%clk 1:31:44]} 6. Nxc6 {[%clk 1:32:47]} bxc6 {[%clk 1:32:06]} 7. Bd3
{[%clk 1:33:12]} d5 {[%clk 1:31:40]} 8. exd5 {[%clk 1:31:57]} cxd5
{[%clk 1:31:51]} 9. O-O {[%clk 1:32:06]} O-O {[%clk 1:30:16]} 10. Bg5
{[%clk 1:30:58]} c6 {[%clk 1:27:44]} 11. Ne2 {[%clk 1:27:03]} Bb7
{[%clk 1:18:43]} 12. c3 {[%clk 1:24:11]} Bd6 {[%clk 1:14:24]} 13. Qc2
{[%clk 1:22:44]} h6 {[%clk 1:12:31]} 14. Bh4 {[%clk 1:20:59]} Re8
{[%clk 0:57:11]} 15. Rfe1 {[%clk 1:17:49]} Bc8 {[%clk 0:47:43]} 16. h3
{[%clk 1:13:27]} Bd7 {[%clk 0:42:20]} 17. Rad1 {[%clk 1:11:05]} Be7
{[%clk 0:35:16]} 18. Bg3 {[%clk 1:09:45]} Qb6 {[%clk 0:28:26]} 19. Nd4
{[%clk 1:04:16]} Rad8 {[%clk 0:21:53]} 20. Nf3 {[%clk 0:58:47]} Be6
{[%clk 0:19:23]} 21. b3 {[%clk 0:55:12]} Bd6 {[%clk 0:18:30]} 22. Bxd6
{[%clk 0:52:54]} Rxd6 {[%clk 0:18:51]} 23. Qb2 {[%clk 0:49:51]} Rdd8
{[%clk 0:16:11]} 24. Kf1 {[%clk 0:46:17]} Nd7 {[%clk 0:13:39]} 25. Rd2
{[%clk 0:41:30]} Nc5 {[%clk 0:12:12]} 26. Bb1 {[%clk 0:39:50]} Bc8
{[%clk 0:10:55]} 27. Rxe8+ {[%clk 0:38:19]} Rxe8 {[%clk 0:11:14]} 28. Kg1
{[%clk 0:36:24]} Qc7 {[%clk 0:08:41]} 29. Re2 {[%clk 0:33:04]} Qd7
{[%clk 0:06:53]} 30. Qd2 {[%clk 0:31:17]} Rxe2 {[%clk 0:06:47]} 31. Qxe2
{[%clk 0:29:00]} Qe6 {[%clk 0:07:10]} 32. Nd4 {[%clk 0:21:40]} Qxe2
{[%clk 0:07:10]} 33. Nxe2 {[%clk 0:22:02]} Ne6 {[%clk 0:07:32]} 34. Nd4
{[%clk 0:20:32]} Nxd4 {[%clk 0:06:57]} 1/2-1/2

[Event "Glorney Gilbert International 2015 - Gilbert"]
[Site "Johnstown House, Enfield, Co. Meath, Ireland"]
[Date "2015.07.21"]
[Round "3.3"]
[White "IRL Manojlovic, Anastasija"]
[Black "ENG Strong, Zoe"]
[Result "1-0"]
[BlackElo "1381"]
[WhiteElo "1559"]
[LiveChessVersion "1.4.6"]

1. e4 {[%clk 1:30:58]} c5 {[%clk 1:30:56]} 2. c3 {[%clk 1:31:24]} d6
{[%clk 1:31:06]} 3. d4 {[%clk 1:31:42]} Nf6 {[%clk 1:30:58]} 4. Bd3
{[%clk 1:31:30]} g6 {[%clk 1:31:09]} 5. Nf3 {[%clk 1:30:15]} Bg7 {[%clk 1:31:02]}
6. O-O {[%clk 1:27:24]} O-O {[%clk 1:31:21]} 7. Bg5 {[%clk 1:25:38]} Nc6
{[%clk 1:31:23]} 8. Bc2 {[%clk 1:18:12]} Bg4 {[%clk 1:31:34]} 9. dxc5
{[%clk 1:16:11]} Ne5 {[%clk 1:27:38]} 10. Nbd2 {[%clk 1:01:32]} dxc5
{[%clk 1:27:25]} 11. Qe2 {[%clk 1:01:14]} Qc7 {[%clk 1:25:27]} 12. h3
{[%clk 1:00:07]} Be6 {[%clk 1:24:16]} 13. Nxe5 {[%clk 0:56:15]} Qxe5
{[%clk 1:24:16]} 14. Nf3 {[%clk 0:56:15]} Qc7 {[%clk 1:24:16]} 15. Qe3
{[%clk 0:56:15]} Rfe8 {[%clk 1:24:16]} 16. Bh6 {[%clk 0:56:15]} Bh8
{[%clk 1:24:16]} 17. Ng5 {[%clk 0:56:15]} Bc4 {[%clk 1:24:16]} 18. Rfd1
{[%clk 0:56:15]} b6 {[%clk 1:24:16]} 19. b3 {[%clk 0:56:15]} Ba6 {[%clk 1:24:16]}
20. e5 {[%clk 0:56:15]} Nh5 {[%clk 1:24:16]} 21. Qf3 {[%clk 0:56:15]} e6
{[%clk 1:24:16]} 22. Qxh5 {[%clk 0:56:15]} Bb7 {[%clk 1:24:16]} 23. Qh4
{[%clk 0:56:15]} Bxe5 {[%clk 1:24:16]} 24. Be4 {[%clk 0:56:15]} Bxc3
{[%clk 1:24:16]} 25. Bxb7 {[%clk 0:56:15]} Qxb7 {[%clk 1:24:16]} 26. Nxh7
{[%clk 0:56:15]} Qe7 {[%clk 1:24:16]} 27. Bg5 {[%clk 0:56:15]} Qc7
{[%clk 1:24:16]} 28. Nf6+ {[%clk 0:56:15]} Bxf6 {[%clk 1:24:16]} 29. Bxf6
{[%clk 0:56:15]} Kf8 {[%clk 1:24:16]} 30. Qh8# {[%clk 0:56:15]} 1-0

[Event "Glorney Gilbert International 2015 - Gilbert"]
[Site "Johnstown House, Enfield, Co. Meath, Ireland"]
[Date "2015.07.21"]
[Round "3.4"]
[White "SCO Reid, Caitlin"]
[Black "WLS Camp, Imogen"]
[Result "0-1"]
[BlackElo "1551"]
[WhiteElo "1524"]
[LiveChessVersion "1.4.6"]

1. e4 {[%clk 1:30:55]} e5 {[%clk 1:30:59]} 2. Nf3 {[%clk 1:31:17]} Nc6
{[%clk 1:31:17]} 3. Nc3 {[%clk 1:31:37]} Nf6 {[%clk 1:31:21]} 4. d4
{[%clk 1:31:39]} exd4 {[%clk 1:31:22]} 5. Nxd4 {[%clk 1:31:27]} Bb4
{[%clk 1:29:08]} 6. Nxc6 {[%clk 1:31:03]} bxc6 {[%clk 1:28:45]} 7. Bd3
{[%clk 1:29:20]} O-O {[%clk 1:23:43]} 8. O-O {[%clk 1:29:34]} d5 {[%clk 1:20:21]}
9. e5 {[%clk 0:58:47]} Ng4 {[%clk 1:12:28]} 10. h3 {[%clk 0:48:27]} Nxe5
{[%clk 1:11:18]} 11. Bxh7+ {[%clk 0:48:51]} Kxh7 {[%clk 1:10:11]} 12. Qh5+
{[%clk 0:49:15]} Kg8 {[%clk 1:10:26]} 13. Qxe5 {[%clk 0:49:34]} Re8
{[%clk 1:09:08]} 14. Qh5 {[%clk 0:48:35]} Bxc3 {[%clk 1:04:51]} 15. bxc3
{[%clk 0:48:46]} Ba6 {[%clk 1:05:01]} 16. Rd1 {[%clk 0:48:29]} Be2
{[%clk 1:05:15]} 17. f3 {[%clk 0:39:41]} Bxd1 {[%clk 1:05:21]} 18. Bd2
{[%clk 0:38:45]} Bxc2 {[%clk 1:05:01]} 19. Qg4 {[%clk 0:38:53]} Bg6
{[%clk 1:02:38]} 20. h4 {[%clk 0:38:16]} Qc8 {[%clk 1:01:10]} 21. Qg3
{[%clk 0:38:19]} Qb7 {[%clk 0:58:44]} 22. Rd1 {[%clk 0:34:51]} Qb2
{[%clk 0:57:10]} 23. a4 {[%clk 0:35:09]} Qc2 {[%clk 0:57:31]} 24. Rf1
{[%clk 0:32:42]} Qxd2 {[%clk 0:57:24]} 25. Qxc7 {[%clk 0:32:53]} Qe3+
{[%clk 0:56:52]} 26. Kh2 {[%clk 0:32:57]} Qe5+ {[%clk 0:57:11]} 27. Qxe5
{[%clk 0:33:23]} Rxe5 {[%clk 0:57:29]} 28. g4 {[%clk 0:33:19]} Rb8
{[%clk 0:57:43]} 29. Kg3 {[%clk 0:33:38]} Rb2 {[%clk 0:57:37]} 30. h5
{[%clk 0:33:58]} Bd3 {[%clk 0:57:55]} 31. Rc1 {[%clk 0:34:18]} g5
{[%clk 0:58:09]} 32. Rd1 {[%clk 0:34:21]} Ree2 {[%clk 0:58:13]} 33. Rg1
{[%clk 0:34:31]} Rh2 {[%clk 0:58:12]} 34. f4 {[%clk 0:34:52]} f6 {[%clk 0:56:56]}
35. fxg5 {[%clk 0:34:43]} fxg5 {[%clk 0:57:14]} 36. Kf3 {[%clk 0:35:11]} Be4+
{[%clk 0:55:46]} 37. Ke3 {[%clk 0:35:26]} c5 {[%clk 0:56:08]} 38. c4
{[%clk 0:35:42]} Rbe2# {[%clk 0:56:22]} 0-1

[Event "Glorney Gilbert International 2015 - Gilbert"]
[Site "Johnstown House, Enfield, Co. Meath, Ireland"]
[Date "2015.07.21"]
[Round "4.1"]
[White "IRL Mirza, Diana"]
[Black "SCO Reid, Caitlin"]
[Result "1-0"]
[BlackElo "1524"]
[WhiteElo "1735"]
[LiveChessVersion "1.4.6"]

1. e4 {[%clk 1:30:58]} c5 {[%clk 1:30:53]} 2. Nf3 {[%clk 1:31:24]} Nc6
{[%clk 1:31:10]} 3. Bb5 {[%clk 1:31:50]} g6 {[%clk 1:31:09]} 4. Bxc6
{[%clk 1:31:25]} dxc6 {[%clk 1:31:26]} 5. d3 {[%clk 1:30:58]} Bg7
{[%clk 1:31:18]} 6. c3 {[%clk 1:30:47]} Nf6 {[%clk 1:28:24]} 7. O-O
{[%clk 1:30:45]} Qc7 {[%clk 1:25:49]} 8. Nbd2 {[%clk 1:23:19]} O-O
{[%clk 1:18:56]} 9. Qe2 {[%clk 1:17:02]} Rd8 {[%clk 1:16:39]} 10. d4
{[%clk 1:08:31]} cxd4 {[%clk 1:16:12]} 11. cxd4 {[%clk 1:07:08]} b6
{[%clk 1:07:56]} 12. e5 {[%clk 1:02:56]} Nd5 {[%clk 1:07:55]} 13. Ne4
{[%clk 1:03:12]} c5 {[%clk 1:04:44]} 14. dxc5 {[%clk 0:59:50]} Bxe5
{[%clk 0:52:25]} 15. cxb6 {[%clk 0:44:31]} axb6 {[%clk 0:50:18]} 16. Nxe5
{[%clk 0:44:53]} Qxe5 {[%clk 0:49:40]} 17. Qf3 {[%clk 0:44:57]} Bf5
{[%clk 0:45:01]} 18. Ng3 {[%clk 0:42:37]} Nb4 {[%clk 0:42:17]} 19. Bf4
{[%clk 0:36:33]} Qxb2 {[%clk 0:13:58]} 20. Nxf5 {[%clk 0:36:53]} gxf5
{[%clk 0:14:03]} 21. Rab1 {[%clk 0:35:29]} Qd4 {[%clk 0:13:46]} 22. Qg3+
{[%clk 0:35:04]} Kh8 {[%clk 0:12:32]} 23. Be5+ {[%clk 0:35:27]} f6
{[%clk 0:11:16]} 24. Bxd4 {[%clk 0:35:48]} Rxd4 {[%clk 0:11:39]} 25. Qc3
{[%clk 0:36:00]} Rad8 {[%clk 0:09:12]} 26. Rxb4 {[%clk 0:36:19]} R4d6
{[%clk 0:09:25]} 27. h3 {[%clk 0:36:23]} Kg7 {[%clk 0:09:35]} 28. Rfb1
{[%clk 0:36:39]} h5 {[%clk 0:09:09]} 29. Rxb6 {[%clk 0:36:58]} Rd3
{[%clk 0:08:56]} 30. Qc7 {[%clk 0:37:14]} R3d7 {[%clk 0:09:01]} 31. Qg3+
{[%clk 0:37:23]} Kf7 {[%clk 0:08:45]} 32. Rb7 {[%clk 0:37:36]} Rd2
{[%clk 0:08:55]} 33. Qc7 {[%clk 0:37:55]} Re8 {[%clk 0:08:57]} 34. Re1
{[%clk 0:38:07]} f4 {[%clk 0:07:55]} 35. Rxe7+ {[%clk 0:38:30]} Rxe7
{[%clk 0:08:18]} 36. Qxe7+ {[%clk 0:38:56]} Kg6 {[%clk 0:08:43]} 37. Qe4+
{[%clk 0:39:18]} 1-0

[Event "Glorney Gilbert International 2015 - Gilbert"]
[Site "Johnstown House, Enfield, Co. Meath, Ireland"]
[Date "2015.07.21"]
[Round "4.4"]
[White "ENG Shephard, Katherine"]
[Black "WLS Camp, Imogen"]
[Result "1/2-1/2"]
[BlackElo "1551"]
[WhiteElo "1864"]
[LiveChessVersion "1.4.6"]

1. d4 {[%clk 1:30:56]} d5 {[%clk 1:30:55]} 2. Nf3 {[%clk 1:31:21]} Nf6
{[%clk 1:30:52]} 3. c4 {[%clk 1:31:20]} e6 {[%clk 1:30:29]} 4. e3
{[%clk 1:30:54]} a6 {[%clk 1:30:05]} 5. Nc3 {[%clk 1:29:36]} Nbd7
{[%clk 1:28:06]} 6. b3 {[%clk 1:18:30]} Bb4 {[%clk 1:24:39]} 7. Bd2
{[%clk 1:14:33]} O-O {[%clk 1:21:44]} 8. Bd3 {[%clk 1:13:30]} Re8
{[%clk 1:18:52]} 9. a3 {[%clk 1:08:44]} Bf8 {[%clk 1:12:41]} 10. Qc2
{[%clk 1:02:40]} h6 {[%clk 1:08:02]} 11. O-O {[%clk 0:58:12]} c6 {[%clk 1:02:52]}
12. e4 {[%clk 0:53:56]} dxe4 {[%clk 1:01:31]} 13. Nxe4 {[%clk 0:53:40]} Nxe4
{[%clk 0:58:43]} 14. Bxe4 {[%clk 0:54:02]} Nf6 {[%clk 0:58:04]} 15. Bd3
{[%clk 0:53:01]} Bd6 {[%clk 0:53:42]} 16. Bc3 {[%clk 0:48:32]} b5
{[%clk 0:46:45]} 17. Rfe1 {[%clk 0:43:39]} Bb7 {[%clk 0:45:49]} 18. Qe2
{[%clk 0:31:58]} Qb8 {[%clk 0:41:13]} 19. Ne5 {[%clk 0:28:03]} Bxe5
{[%clk 0:40:16]} 20. dxe5 {[%clk 0:23:31]} Nd7 {[%clk 0:39:58]} 21. Qe4
{[%clk 0:17:17]} Nf8 {[%clk 0:38:16]} 22. c5 {[%clk 0:14:52]} Rd8
{[%clk 0:35:23]} 23. Bc2 {[%clk 0:08:42]} Rd5 {[%clk 0:33:28]} 24. b4
{[%clk 0:08:52]} Qd8 {[%clk 0:32:05]} 25. Rad1 {[%clk 0:07:55]} Qe7
{[%clk 0:29:49]} 26. Bb3 {[%clk 0:07:50]} Rxd1 {[%clk 0:29:48]} 27. Rxd1
{[%clk 0:07:40]} Rd8 {[%clk 0:30:07]} 28. Rd6 {[%clk 0:05:53]} Rd7
{[%clk 0:22:20]} 29. Qd4 {[%clk 0:04:38]} Qd8 {[%clk 0:22:07]} 30. Bc2
{[%clk 0:04:16]} Rxd6 {[%clk 0:18:11]} 31. cxd6 {[%clk 0:04:04]} Nd7
{[%clk 0:16:20]} 32. Bd2 {[%clk 0:02:32]} f6 {[%clk 0:12:56]} 33. f4
{[%clk 0:01:19]} f5 {[%clk 0:12:37]} 34. Bb3 {[%clk 0:01:17]} Kf7
{[%clk 0:12:04]} 35. Qc3 {[%clk 0:00:52]} Nf8 {[%clk 0:11:22]} 36. Be3
{[%clk 0:00:56]} Qd7 {[%clk 0:10:47]} 37. Qc5 {[%clk 0:01:02]} Bc8
{[%clk 0:10:09]} 38. Bd1 {[%clk 0:01:07]} g6 {[%clk 0:09:49]} 39. Bf3
{[%clk 0:01:25]} Bb7 {[%clk 0:09:14]} 40. g3 {[%clk 0:01:40]} h5 {[%clk 0:08:45]}
41. Qa7 {[%clk 0:01:36]} Ke8 {[%clk 0:07:39]} 42. Bb6 {[%clk 0:01:26]} Kf7
{[%clk 0:07:56]} 43. Kf2 {[%clk 0:01:46]} Qc8 {[%clk 0:07:29]} 44. Bc7
{[%clk 0:01:28]} Nd7 {[%clk 0:07:06]} 45. Ke3 {[%clk 0:01:29]} Qa8
{[%clk 0:06:24]} 46. Qxa8 {[%clk 0:01:23]} Bxa8 {[%clk 0:06:49]} 47. Kf2
{[%clk 0:01:36]} Bb7 {[%clk 0:07:13]} 48. Kg2 {[%clk 0:01:46]} Kg7
{[%clk 0:07:14]} 49. Kh3 {[%clk 0:01:58]} Kh6 {[%clk 0:07:06]} 50. Bd8
{[%clk 0:01:51]} Ba8 {[%clk 0:07:02]} 51. Kh4 {[%clk 0:01:23]} Bb7
{[%clk 0:07:21]} 52. h3 {[%clk 0:01:23]} Ba8 {[%clk 0:07:29]} 53. g4
{[%clk 0:01:43]} hxg4 {[%clk 0:07:39]} 54. hxg4 {[%clk 0:02:07]} Bb7
{[%clk 0:07:54]} 55. gxf5 {[%clk 0:02:07]} gxf5 {[%clk 0:08:16]} 56. Bh5
{[%clk 0:01:39]} Bc8 {[%clk 0:07:10]} 57. Bf7 {[%clk 0:01:30]} Nf8
{[%clk 0:06:58]} 58. Be8 {[%clk 0:01:01]} Bd7 {[%clk 0:07:04]} 59. Bf7
{[%clk 0:01:01]} Ng6+ {[%clk 0:06:35]} 60. Kg3 {[%clk 0:01:11]} Kg7
{[%clk 0:06:57]} 61. Bxg6 {[%clk 0:01:22]} Kxg6 {[%clk 0:07:14]} 62. Kf3
{[%clk 0:01:46]} Kf7 {[%clk 0:05:16]} 63. Ke3 {[%clk 0:02:03]} c5
{[%clk 0:04:37]} 64. bxc5 {[%clk 0:02:26]} Bc6 {[%clk 0:05:03]} 65. Kd3
{[%clk 0:02:23]} Ke8 {[%clk 0:05:11]} 66. Bc7 {[%clk 0:01:56]} Kd7
{[%clk 0:05:20]} 67. Kc3 {[%clk 0:02:00]} Bb7 {[%clk 0:05:32]} 68. Kb4
{[%clk 0:01:50]} Kc6 {[%clk 0:05:57]} 69. Ka5 {[%clk 0:01:16]} Bc8
{[%clk 0:06:09]} 70. Bb6 {[%clk 0:01:20]} Bb7 {[%clk 0:06:27]} 71. a4
{[%clk 0:01:09]} bxa4 {[%clk 0:05:38]} 72. Kxa4 {[%clk 0:01:24]} Bc8
{[%clk 0:06:02]} 73. Ba7 {[%clk 0:00:39]} Bd7 {[%clk 0:06:11]} 74. Ka5
{[%clk 0:00:43]} Bc8 {[%clk 0:06:37]} 75. Kb4 {[%clk 0:00:43]} Bd7
{[%clk 0:06:52]} 76. Bb6 {[%clk 0:00:45]} Bc8 {[%clk 0:07:07]} 77. Kc4
{[%clk 0:00:55]} Bd7 {[%clk 0:07:01]} 78. Kb4 {[%clk 0:00:43]} Bc8
{[%clk 0:07:24]} 79. Kc3 {[%clk 0:00:44]} Bd7 {[%clk 0:07:47]} 80. Kd3
{[%clk 0:00:46]} Bc8 {[%clk 0:08:10]} 81. Ke3 {[%clk 0:01:01]} Kd7
{[%clk 0:08:25]} 82. Kf3 {[%clk 0:01:16]} Bb7+ {[%clk 0:08:45]} 83. Kg3
{[%clk 0:01:37]} Bc6 {[%clk 0:09:02]} 84. Kh4 {[%clk 0:02:01]} Bb7
{[%clk 0:09:20]} 85. Kg5 {[%clk 0:02:22]} Bc6 {[%clk 0:09:45]} 86. Kf6
{[%clk 0:02:42]} Bb7 {[%clk 0:10:07]} 87. Kf7 {[%clk 0:02:55]} Bc6
{[%clk 0:10:30]} 88. Kf6 {[%clk 0:02:24]} Bb7 {[%clk 0:10:56]} 89. Kg5
{[%clk 0:01:45]} Bc6 {[%clk 0:11:18]} 90. Kh4 {[%clk 0:02:07]} Bb7
{[%clk 0:11:43]} 91. Kg3 {[%clk 0:02:33]} Kc6 {[%clk 0:11:54]} 92. Kf3
{[%clk 0:02:47]} Bc8 {[%clk 0:12:15]} 93. Ke3 {[%clk 0:02:58]} Bd7
{[%clk 0:12:37]} 94. Kd4 {[%clk 0:03:14]} Bc8 {[%clk 0:12:59]} 95. Kc4
{[%clk 0:03:22]} Bd7 {[%clk 0:13:18]} 96. Kb4 {[%clk 0:03:08]} Bc8
{[%clk 0:13:36]} 97. Ka5 {[%clk 0:03:31]} Bb7 {[%clk 0:13:57]} 98. Ba7
{[%clk 0:03:37]} Bc8 {[%clk 0:14:17]} 99. Kb4 {[%clk 0:03:05]} Bd7
{[%clk 0:14:38]} 100. Bb6 {[%clk 0:02:53]} Bc8 {[%clk 0:14:55]} 101. Ka4
{[%clk 0:02:49]} Bd7 {[%clk 0:14:55]} 102. Ka5 {[%clk 0:02:59]} Bc8
{[%clk 0:15:21]} 103. Ba7 {[%clk 0:02:57]} Bb7 {[%clk 0:15:31]} 104. d7
{[%clk 0:02:57]} Kxd7 {[%clk 0:15:45]} 105. Kb6 {[%clk 0:03:13]} Bd5
{[%clk 0:15:31]} 106. Kxa6 {[%clk 0:02:18]} Kc6 {[%clk 0:15:53]} 107. Bb6
{[%clk 0:02:21]} Ba2 {[%clk 0:16:19]} 108. Ka7 {[%clk 0:02:37]} Bd5
{[%clk 0:16:45]} 109. Kb8 {[%clk 0:02:57]} Ba2 {[%clk 0:17:10]} 110. Ka7
{[%clk 0:02:51]} Bd5 {[%clk 0:17:28]} 111. Ka6 {[%clk 0:03:12]} Ba2
{[%clk 0:17:51]} 112. Ka5 {[%clk 0:03:37]} Bd5 {[%clk 0:18:15]} 113. Kb4
{[%clk 0:04:01]} Ba2 {[%clk 0:18:38]} 114. Kc3 {[%clk 0:04:14]} Bd5
{[%clk 0:19:00]} 115. Kb2 {[%clk 0:04:16]} Bc4 {[%clk 0:19:23]} 116. Kc3
{[%clk 0:03:58]} Bd5 {[%clk 0:19:47]} 117. Kd2 {[%clk 0:04:24]} Ba2
{[%clk 0:20:10]} 118. Ke3 {[%clk 0:04:46]} Bd5 {[%clk 0:20:35]} 119. Kf2
{[%clk 0:05:09]} Ba2 {[%clk 0:20:57]} 120. Kg3 {[%clk 0:05:35]} Bd5
{[%clk 0:21:21]} 121. Ba7 {[%clk 0:05:58]} Ba2 {[%clk 0:21:45]} 122. Kh4
{[%clk 0:06:21]} Bd5 {[%clk 0:22:02]} 123. Kg5 {[%clk 0:06:46]} Ba2
{[%clk 0:22:27]} 124. Kf6 {[%clk 0:07:11]} Bd5 {[%clk 0:22:51]} 125. Ke7
{[%clk 0:07:35]} Ba2 {[%clk 0:23:15]} 126. Kf8 {[%clk 0:07:45]} Bd5
{[%clk 0:23:36]} 127. Kg7 {[%clk 0:08:04]} Ba2 {[%clk 0:24:02]} 128. Kh8
{[%clk 0:08:27]} Bd5 {[%clk 0:24:28]} 129. Kh7 {[%clk 0:08:52]} Ba2
{[%clk 0:24:54]} 130. Kh6 {[%clk 0:09:18]} Bd5 {[%clk 0:25:21]} 131. Kh5
{[%clk 0:09:43]} Ba2 {[%clk 0:25:44]} 132. Kh4 {[%clk 0:10:09]} Bd5
{[%clk 0:26:09]} 133. Kg3 {[%clk 0:10:30]} Ba2 {[%clk 0:26:24]} 134. Kf3
{[%clk 0:10:54]} Bd5+ {[%clk 0:26:47]} 135. Ke3 {[%clk 0:11:20]} Ba2
{[%clk 0:27:09]} 136. Kd4 {[%clk 0:11:43]} Bd5 {[%clk 0:27:29]} 137. Kc3
{[%clk 0:11:55]} Ba2 {[%clk 0:27:50]} 138. Kb2 {[%clk 0:12:22]} Bd5
{[%clk 0:28:14]} 139. Kc3 {[%clk 0:12:43]} Ba2 {[%clk 0:28:40]} 140. Kb2
{[%clk 0:13:05]} Bd5 {[%clk 0:29:05]} 141. Ka3 {[%clk 0:13:31]} Bc4
{[%clk 0:29:27]} 142. Kb4 {[%clk 0:13:57]} Bd5 {[%clk 0:29:50]} 143. Kc3
{[%clk 0:14:22]} Ba2 {[%clk 0:30:15]} 144. Bb6 {[%clk 0:14:48]} Bd5
{[%clk 0:30:40]} 145. Kd4 {[%clk 0:15:14]} Ba2 {[%clk 0:31:05]} 146. Kc3
{[%clk 0:15:40]} Bd5 {[%clk 0:31:31]} 147. Kb4 {[%clk 0:16:05]} Ba2
{[%clk 0:31:56]} 148. Ka3 {[%clk 0:16:31]} Bd5 {[%clk 0:32:20]} 149. Kb2
{[%clk 0:16:55]} Bc4 {[%clk 0:32:47]} 150. Kc3 {[%clk 0:17:22]} Bd5
{[%clk 0:33:13]} 1/2-1/2

[Event "Glorney Gilbert International 2015 - Gilbert"]
[Site "Johnstown House, Enfield, Co. Meath, Ireland"]
[Date "2015.07.21"]
[Round "4.5"]
[White "WLS Sivarajasingam, Shayanna"]
[Black "ENG Green, Emily"]
[Result "1/2-1/2"]
[BlackElo "1629"]
[WhiteElo "1689"]
[LiveChessVersion "1.4.6"]

1. e4 e5 2. d4 exd4 3. Nf3 Nc6 4. Nxd4 Bc5 5. Be3 Qf6 6. c3 Nge7 7. g3 d6 8. Bg2
Bd7 9. Qd2 Ne5 10. Bg5 Qg6 11. Bxe7 Kxe7 12. Qc2 Rae8 13. Nd2 Kd8 14. O-O-O Kc8
15. h3 Nc6 16. N2b3 Bb6 17. Qd2 Re7 18. g4 Rhe8 19. Rhe1 f6 20. f4 Qf7 21. Kb1
Nxd4 22. Nxd4 g6 23. Ka1 Qg7 1/2-1/2

[Event "Glorney Gilbert International 2015 - Gilbert"]
[Site "Johnstown House, Enfield, Co. Meath, Ireland"]
[Date "2015.07.21"]
[Round "4.6"]
[White "ENG Strong, Zoe"]
[Black "WLS Richards, Megan"]
[Result "1-0"]
[BlackElo "1403"]
[WhiteElo "1381"]
[LiveChessVersion "1.4.6"]

1. e4 {[%clk 1:30:59]} c5 {[%clk 1:30:51]} 2. c3 {[%clk 1:31:21]} d5
{[%clk 1:30:53]} 3. exd5 {[%clk 1:31:40]} Qxd5 {[%clk 1:31:14]} 4. d4
{[%clk 1:31:55]} Bf5 {[%clk 1:26:27]} 5. Na3 {[%clk 1:31:11]} e6 {[%clk 1:24:43]}
6. Nf3 {[%clk 1:29:18]} Be7 {[%clk 1:18:00]} 7. Nb5 {[%clk 1:27:46]} Bd8
{[%clk 1:13:15]} 8. Bf4 {[%clk 1:27:15]} Qe4+ {[%clk 1:13:03]} 9. Be3
{[%clk 1:27:28]} Qd5 {[%clk 1:08:34]} 10. dxc5 {[%clk 1:26:02]} Qxd1+ 11. Rxd1
{[%clk 1:26:07]} Ke7 {[%clk 0:59:39]} 12. Bc4 {[%clk 1:22:48]} Nc6
{[%clk 0:58:09]} 13. Nbd4 {[%clk 1:21:03]} Nxd4 {[%clk 0:55:41]} 14. cxd4
{[%clk 1:20:43]} Bc7 {[%clk 0:54:44]} 15. d5 {[%clk 1:18:05]} exd5
{[%clk 0:53:51]} 16. Bxd5 {[%clk 1:17:43]} Be6 {[%clk 0:52:16]} 17. Bxb7
{[%clk 1:17:22]} Rb8 {[%clk 0:52:42]} 18. c6 {[%clk 1:17:23]} Bc8
{[%clk 0:49:46]} 19. Bxa7 {[%clk 1:16:26]} Rxb7 {[%clk 0:49:23]} 20. cxb7
{[%clk 1:16:41]} Bxb7 {[%clk 0:49:31]} 21. O-O {[%clk 1:16:21]} Nf6
{[%clk 0:49:40]} 22. Rfe1+ {[%clk 1:16:09]} Kf8 {[%clk 0:48:37]} 23. Bc5+
{[%clk 1:16:17]} Kg8 {[%clk 0:48:53]} 24. Be7 {[%clk 1:15:33]} h6
{[%clk 0:41:38]} 25. Bxf6 {[%clk 1:15:21]} gxf6 {[%clk 0:41:08]} 26. Re8+
{[%clk 1:15:22]} Kg7 {[%clk 0:41:04]} 27. Rxh8 {[%clk 1:15:23]} Kxh8
{[%clk 0:41:27]} 28. Rd7 1-0